| 000 | 01588cam a2200361Ia 4500 | ||
|---|---|---|---|
| 001 | 9780203556856 | ||
| 003 | BD-DhSAU | ||
| 005 | 20151012151721.0 | ||
| 006 | a|||||s||||||||||| | ||
| 007 | cr|||| | ||
| 008 | 130401s2013 enka sb 001 0 eng d | ||
| 020 | _a9780203556856 (e-book : PDF) | ||
| 040 |
_aBD-DhSAU _cBD-DhSAU |
||
| 043 | _aa------ | ||
| 090 |
_aHB615 _b.C517 2013 |
||
| 092 |
_a338.04095 _bC426 |
||
| 100 | 1 | _aCha, Virginia. | |
| 245 | 1 | 0 |
_aAsia's entrepreneurs _h[electronic resource] : _bdilemmas, risks, and opportunities / _cVirginia Cha and Jennifer Lien. |
| 260 |
_aAbingdon, Oxon : _bRoutledge, _c2013. |
||
| 300 |
_axx, 115 p. : _bill. |
||
| 504 | _aIncludes bibliographical references and index. | ||
| 505 | 0 | _apt. 1. Raising money for your technology dream : the importance of getting the first partner right -- pt. 2. Plunging into the market : managing dilemmas and keeping afloat -- pt. 3. Coaching the young : modern Singapore's new crop of funding schemes and incubation programs -- pt. 4. Paying it forward : preparing the new generation of start-ups for success. | |
| 530 | _aAlso available in print edition. | ||
| 538 | _aMode of access: World Wide Web. | ||
| 650 | 0 |
_aEntrepreneurship _zAsia. |
|
| 650 | 0 |
_aNew business enterprises _zAsia. |
|
| 650 | 0 |
_aNew business enterprises _zAsia _xFinance. |
|
| 650 | 0 |
_aHigh technology industries _zAsia. |
|
| 655 | 7 |
_aElectronic books. _2lcsh |
|
| 700 | 1 |
_aLien, Jennifer, _d1974- |
|
| 776 | 1 | _z9780415522762 (hardback) | |
| 856 | 4 | 0 | _uhttp://www.tandfebooks.com/isbn/9780203556856 |
| 999 |
_c12829 _d12828 |
||